000 01001nac a22003137a 4500
001 BR9403043
003 BR-BrBNA
005 20240105121540.0
008 230509b bl.|||m| |||| 00| 0 por d
040 _aBR-BrBNA
_bpor
_cBiblioteca Nacional de Agricultura
072 _aF02
090 _a1050 BR9403043
100 1 _aAlves, F. de L.
100 1 _aDessaune Filho, N.
100 1 _aCosta, W.
110 1 _aEmpresa Capixaba de Pesquisa Agropecuaria, Vitoria, ES (Brasil)
245 1 _aRecomendacao de clones de tangerinas e tangores para tres regioes ecologicas do Espirito Santo
260 3 _aVitoria, ES (Brasil):
_c1994.
300 _a7 p.
490 _aComunicado Tecnico - Empresa Capixaba de Pesquisa Agropecuaria (Brazil)
_vno. 72
_xISSN 0101-7683
500 _a7 ref.
650 _aTangerina
650 _aTangor Murcott
650 _aVariedade
650 _aClone
650 _aEspirito Santo
909 _a202312
_bLúcia Elande
_c55
_dLúcia Elande
942 _2AGRIS
_n0
_cMS
999 _c285955
_d285955